[Event "IBCA Wch blind 14th"]
[Site "Cagliari"]
[Date "2019.04.06"]
[Round "1"]
[White "Barnowski, Sylwester"]
[Black "Kolpakov, Vladyslav"]
[Result "0-1"]
[WhiteElo "1771"]
[BlackElo "2150"]
[PlyCount "64"]
[EventDate "2019.04.06"]
[EventType "swiss"]
[EventRounds "9"]
[EventCountry "ITA"]
[SourceTitle "CBM 189 Extra"]
[Source "ChessBase"]
[SourceDate "2019.06.03"]
[SourceVersion "1"]
[SourceVersionDate "2019.06.03"]
[SourceQuality "1"]

1. d4 Nf6 2. c3 g6 3. f4 Bg7 4. Nf3 0-0 5. e3 c5 6. Bd3 d5 7. 0-0 Bf5 8. dxc5 Bxd3 9. Qxd3 Ne4 10. b4 a5 11. Nd4 e5 12. fxe5 Nc6 13. Nd2 Nxe5 14. Qc2 axb4 15. Nxe4 dxe4 16. cxb4 Nd3 17. Qc4 b5 18. Qc3 Qd5 19. a3 Rfd8 20. Bb2 Qg5 21. Rae1 Nxe1 22. Rxe1 Bxd4 23. exd4 Qd5 24. Qe3 Re8 25. Qe2 Rab8 26. Rc1 Rec8 27. g4 f5 28. gxf5 gxf5 29. Qh5 Rb7 30. c6 Rg7+ 31. Kf1 e3 32. Rc2 Qh1+ 0-1

[Event "POL-chT blind"]
[Site "Wagrowiec"]
[Date "2017.10.14"]
[Round "1.13"]
[White "Mettel, Werner"]
[Black "Barnowski, Sylwester"]
[Result "1/2-1/2"]
[WhiteElo "1793"]
[BlackElo "1835"]
[PlyCount "82"]
[EventDate "2017.10.14"]
[EventType "team-tourn"]
[EventRounds "9"]
[EventCountry "POL"]
[SourceTitle "EXT 2019"]
[Source "ChessBase"]
[SourceDate "2018.10.10"]
[SourceVersion "1"]
[SourceVersionDate "2018.10.10"]
[SourceQuality "1"]

1. e4 Nf6 2. Nc3 e5 3. Nf3 d6 4. Bc4 Be7 5. d3 0-0 6. 0-0 Bg4 7. h3 Bh5 8. Be3 Nc6 9. a3 Nd4 10. Bxd4 exd4 11. Nd5 Nxd5 12. Bxd5 c6 13. Bb3 c5 14. Bd5 Rb8 15. g4 Bg6 16. Kg2 b5 17. b3 a5 18. a4 Kh8 19. Ng1 f6 20. f4 Be8 21. axb5 Bxb5 22. Qe1 a4 23. bxa4 Ba6 24. Rb1 Rxb1 25. Qxb1 Qa5 26. Bb3 g6 27. Qe1 Bd8 28. Nf3 Qxe1 29. Rxe1 Ba5 30. Rf1 Rb8 31. Rd1 Kg7 32. h4 Bc8 33. f5 Bd7 34. Nd2 Bxd2 35. Rxd2 Ra8 36. Rd1 Bxa4 37. Ra1 Bc6 38. Rxa8 Bxa8 39. Kf3 Bc6 40. Kf4 Bd7 41. fxg6 hxg6 1/2-1/2

[Event "POL-chT blind"]
[Site "Wagrowiec"]
[Date "2016.11.14"]
[Round "4.12"]
[White "Barnowski, Sylwester"]
[Black "Hagner, Pawel"]
[Result "1/2-1/2"]
[WhiteElo "1871"]
[BlackElo "1680"]
[PlyCount "89"]
[EventDate "2016.11.11"]
[EventType "team-tourn"]
[EventRounds "9"]
[EventCountry "POL"]
[SourceTitle "EXT 2019"]
[Source "ChessBase"]
[SourceDate "2018.10.10"]
[SourceVersion "1"]
[SourceVersionDate "2018.10.10"]
[SourceQuality "1"]

1. d4 Nf6 2. c4 g6 3. Nc3 Bg7 4. e4 d6 5. Bd3 0-0 6. Nge2 Nc6 7. d5 Ne5 8. 0-0 Nfd7 9. f4 Nxd3 10. Qxd3 Nc5 11. Qc2 a5 12. Ng3 f5 13. exf5 Bxf5 14. Nxf5 gxf5 15. Be3 Nd7 16. Rf3 c5 17. Rg3 Kh8 18. Re1 Qe8 19. Nb5 Qc8 20. Bd2 Rf7 21. Bc3 Nf6 22. Re6 Ne8 23. Bxg7+ Nxg7 24. Qc3 Qd7 25. h4 Raf8 26. Na3 b6 27. Nc2 Rf6 28. Rxf6 Rxf6 29. Re3 Kg8 30. a3 Rg6 31. Kf2 Nh5 32. g3 Nf6 33. Qb3 Ng4+ 34. Kf3 Nxe3 35. Nxe3 e5 36. Qxb6 Qg7 37. Nxf5 Qf8 38. h5 Rf6 39. g4 exf4 40. Qc7 a4 41. Qc6 Rxf5 42. gxf5 Qxf5 43. Qe8+ Kg7 44. Qe7+ Kg8 45. Qe8+ 1/2-1/2

[Event "IBCA EU-chT blind 01st"]
[Site "Warsaw"]
[Date "2016.07.24"]
[Round "1.3"]
[White "Barnowski, Sylwester"]
[Black "Pakhomov, Alexey"]
[Result "0-1"]
[WhiteElo "1889"]
[BlackElo "2338"]
[PlyCount "66"]
[EventDate "2016.07.24"]
[EventType "team-swiss"]
[EventRounds "9"]
[EventCountry "POL"]
[SourceTitle "CBM 173 Extra"]
[Source "ChessBase"]
[SourceDate "2016.08.29"]
[SourceVersion "1"]
[SourceVersionDate "2016.08.29"]
[SourceQuality "1"]
[WhiteTeam "Poland II"]
[BlackTeam "Russia"]
[WhiteTeamCountry "POL"]
[BlackTeamCountry "RUS"]

1. d4 d5 2. f4 c5 3. e3 Nc6 4. c3 Qb6 5. Bd3 Nh6 6. Nf3 g6 7. 0-0 Bg7 8. Qb3 Qd8 9. dxc5 0-0 10. e4 dxe4 11. Bxe4 Qc7 12. Qc2 a5 13. g3 Nd8 14. Be3 Ng4 15. Bd4 Ne6 16. Qe2 Nxc5 17. Bxg7 Kxg7 18. Bc2 b6 19. Nbd2 Ba6 20. c4 Bb7 21. h3 Nf6 22. b3 Rad8 23. Ne5 Rd6 24. Rad1 Rfd8 25. Nef3 Nd3 26. Kh2 Re6 27. Qg2 Re3 28. Bxd3 Rdxd3 29. Rde1 Qd6 30. Rxe3 Rxe3 31. Qf2 Rc3 32. Re1 Rc2 33. a4 Bxf3 0-1

[Event "POL-ch blind"]
[Site "Wagrowiec"]
[Date "2016.06.05"]
[Round "10"]
[White "Barnowski, Sylwester"]
[Black "Falkowski, Dawid"]
[Result "1/2-1/2"]
[WhiteElo "1904"]
[BlackElo "2059"]
[PlyCount "123"]
[EventDate "2016.05.28"]
[EventType "tourn"]
[EventRounds "11"]
[EventCountry "POL"]
[SourceTitle "EXT 2018"]
[Source "ChessBase"]
[SourceDate "2017.10.13"]
[SourceVersion "1"]
[SourceVersionDate "2017.10.13"]
[SourceQuality "1"]

1. d4 Nf6 2. f4 c5 3. e3 g6 4. c3 d5 5. Bd3 Bg7 6. h3 Nc6 7. Nf3 0-0 8. 0-0 b6 9. Nbd2 Bb7 10. Ne5 Qc7 11. Qe1 Nd7 12. Nxd7 Qxd7 13. g4 f6 14. f5 g5 15. Qg3 Rad8 16. Nf3 Qd6 17. Qf2 Kf7 18. Bd2 Rh8 19. Kg2 h5 20. Rh1 hxg4 21. hxg4 Rdf8 22. Qg3 Qxg3+ 23. Kxg3 e5 24. fxe6+ Kxe6 25. Kg2 Ne7 26. Raf1 Nc8 27. Bf5+ Kd6 28. Be1 Kc7 29. Bg3+ Nd6 30. Bxd6+ Kxd6 31. Rxh8 Rxh8 32. Rh1 Rxh1 33. Kxh1 a5 34. Kg2 Bf8 35. Nd2 b5 36. Nb3 c4 37. Nxa5 Kc7 38. Nxb7 Kxb7 39. Bd7 Kb6 40. Kf3 b4 41. cxb4 Bxb4 42. Ke2 Kc7 43. Bf5 Kd6 44. e4 c3 45. bxc3 Bxc3 46. Kd3 Ba5 47. exd5 Kxd5 48. Be4+ Kd6 49. Kc4 Bb6 50. Bf5 Kc6 51. d5+ Kd6 52. Be6 Kc7 53. Kb5 Be3 54. a4 Bf2 55. a5 Bg1 56. Ka6 Bh2 57. Kb5 Bg1 58. a6 Kd6 59. Kc4 Bf2 60. Kd3 Ke5 61. Kc4 Kd6 62. Kb5 1/2-1/2

[Event "POL-ch blind"]
[Site "Wagrowiec"]
[Date "2016.06.01"]
[Round "6"]
[White "Barnowski, Sylwester"]
[Black "Stachanczyk, Jacek"]
[Result "1/2-1/2"]
[WhiteElo "1904"]
[BlackElo "2202"]
[PlyCount "67"]
[EventDate "2016.05.28"]
[EventType "tourn"]
[EventRounds "11"]
[EventCountry "POL"]
[SourceTitle "EXT 2018"]
[Source "ChessBase"]
[SourceDate "2017.10.13"]
[SourceVersion "1"]
[SourceVersionDate "2017.10.13"]
[SourceQuality "1"]

1. f4 d5 2. e3 Nf6 3. d4 c5 4. c3 Nc6 5. Bd3 Qc7 6. Nf3 g6 7. 0-0 Bg7 8. Nbd2 cxd4 9. cxd4 0-0 10. Ne5 b6 11. Ndf3 Nb4 12. Be2 Ne4 13. Bd2 Qd6 14. a3 Nc6 15. Nxc6 Qxc6 16. Rc1 Qe6 17. Ne5 Nxd2 18. Qxd2 Qd6 19. Rc6 Qd8 20. Rfc1 f6 21. Nf3 Re8 22. Rc7 Bd7 23. Ba6 e6 24. g4 Bf8 25. Be2 Bd6 26. R7c2 Qe7 27. g5 fxg5 28. Nxg5 h6 29. Nf3 Ba4 30. Rc3 Rf8 31. Bd3 Qf6 32. Qg2 Be8 33. h4 Kh8 34. Kf2 1/2-1/2

[Event "POL-ch blind"]
[Site "Wagrowiec"]
[Date "2016.05.30"]
[Round "4"]
[White "Zoltek, Tadeusz"]
[Black "Barnowski, Sylwester"]
[Result "1/2-1/2"]
[WhiteElo "2100"]
[BlackElo "1904"]
[PlyCount "62"]
[EventDate "2016.05.28"]
[EventType "tourn"]
[EventRounds "11"]
[EventCountry "POL"]
[SourceTitle "EXT 2018"]
[Source "ChessBase"]
[SourceDate "2017.10.13"]
[SourceVersion "1"]
[SourceVersionDate "2017.10.13"]
[SourceQuality "1"]

1. Nf3 Nf6 2. c4 c6 3. b3 d5 4. Bb2 e6 5. e3 Nbd7 6. Be2 Bd6 7. cxd5 cxd5 8. Nc3 a6 9. d4 b5 10. 0-0 0-0 11. Bd3 Bb7 12. Ne2 Ne4 13. Ne5 f6 14. Nxd7 Qxd7 15. f3 Ng5 16. Rc1 Rac8 17. Rxc8 Rxc8 18. Qb1 h6 19. Rc1 Rc7 20. Rxc7 Qxc7 21. h4 Nf7 22. Qc2 Bh2+ 23. Kh1 Qxc2 24. Bxc2 Bd6 25. Kg1 Kf8 26. Kf2 Ke7 27. Nc1 g5 28. hxg5 hxg5 29. Nd3 Nd8 30. Bc3 Nc6 31. b4 Bc8 1/2-1/2

[Event "Bydgoszcz blind op 43rd"]
[Site "Bydgoszcz"]
[Date "2014.03.23"]
[Round "11.9"]
[White "Barnowski, Sylwester"]
[Black "Sargalski, Andrzej"]
[Result "1-0"]
[WhiteElo "1847"]
[BlackElo "1950"]
[PlyCount "113"]
[EventDate "2014.03.13"]
[EventType "swiss"]
[EventRounds "11"]
[EventCountry "POL"]
[SourceTitle "EXT 2023"]
[Source "ChessBase"]
[SourceDate "2022.10.05"]
[SourceVersion "1"]
[SourceVersionDate "2022.10.05"]
[SourceQuality "1"]

1. d4 d5 2. c4 Nf6 3. Nc3 c6 4. Bg5 e6 5. e3 Be7 6. Nf3 Nbd7 7. Rc1 h6 8. Bh4 0-0 9. Bd3 dxc4 10. Bxc4 Nd5 11. Bxe7 Qxe7 12. 0-0 Nxc3 13. Rxc3 c5 14. Qc2 cxd4 15. Nxd4 Nf6 16. Rc1 Bd7 17. Qb3 b6 18. Qd1 Rac8 19. Ba6 Rxc3 20. Rxc3 Nd5 21. Rc1 Rd8 22. Qb3 Nb4 23. Be2 Rc8 24. Rxc8+ Bxc8 25. a3 Nd5 26. Bf3 Bb7 27. h3 Nf6 28. Bxb7 Qxb7 29. Qc2 g6 30. Qc6 Qxc6 31. Nxc6 a5 32. Ne5 Kf8 33. Kf1 Ke7 34. Ke2 Nd7 35. Nc4 e5 36. e4 Ke6 37. f3 h5 38. Kd3 f5 39. Ke3 f4+ 40. Kd3 h4 41. Kc3 g5 42. b4 axb4+ 43. Kxb4 Nc5 44. Nxb6 Nd3+ 45. Kb5 Ne1 46. a4 Nxg2 47. a5 g4 48. a6 gxf3 49. Nc4 Ne3 50. Nd2 f2 51. a7 f1Q+ 52. Nxf1 Nxf1 53. a8Q Ne3 54. Qe8+ Kd6 55. Qg6+ Ke7 56. Qg5+ Ke6 57. Qxh4 1-0

[Event "Bydgoszcz blind op 43rd"]
[Site "Bydgoszcz"]
[Date "2014.03.15"]
[Round "3.10"]
[White "Wolanski, Michal"]
[Black "Barnowski, Sylwester"]
[Result "1-0"]
[WhiteElo "1968"]
[BlackElo "1847"]
[PlyCount "133"]
[EventDate "2014.03.13"]
[EventType "swiss"]
[EventRounds "11"]
[EventCountry "POL"]
[SourceTitle "EXT 2023"]
[Source "ChessBase"]
[SourceDate "2022.10.05"]
[SourceVersion "1"]
[SourceVersionDate "2022.10.05"]
[SourceQuality "1"]

1. d4 Nf6 2. c4 e6 3. Nf3 d5 4. g3 Bb4+ 5. Bd2 Qe7 6. Nc3 Bxc3 7. bxc3 b6 8. Bg2 Bb7 9. 0-0 0-0 10. Ne5 Ne4 11. f3 Nxd2 12. Qxd2 f6 13. Ng4 dxc4 14. e4 Nd7 15. Ne3 b5 16. Rab1 a6 17. Nxc4 bxc4 18. Rxb7 Nb6 19. e5 fxe5 20. dxe5 Qc5+ 21. Qd4 Qc6 22. f4 Nd5 23. Rb4 Rab8 24. Rxc4 Qb6 25. Qxb6 cxb6 26. Bxd5 exd5 27. Rd4 Rfc8 28. Rf3 Rc5 29. Rfd3 Rbc8 30. Rxd5 Rxc3 31. Rxc3 Rxc3 32. Rd2 b5 33. Kg2 Kf8 34. Kh3 Ke7 35. Kg4 b4 36. Kf5 Rc6 37. Rd4 a5 38. Rd5 Rc2 39. Rxa5 g6+ 40. Ke4 Rxh2 41. Kd5 Rd2+ 42. Kc4 Rb2 43. Ra7+ Ke6 44. Rxh7 Rxa2 45. Kxb4 Rg2 46. Rh3 Kf5 47. Kc5 g5 48. Kd6 gxf4 49. gxf4 Ra2 50. Rc3 Re2 51. Rc5 Ra2 52. e6+ Kf6 53. f5 Rd2+ 54. Rd5 Ra2 55. Kd7 Ra7+ 56. Ke8 Ra8+ 57. Rd8 Ra7 58. Kf8 Rh7 59. Kg8 Rg7+ 60. Kh8 Rg2 61. Rf8+ Ke7 62. Rf7+ Ke8 63. Rg7 Rf2 64. Rg5 Kf8 65. Kh7 Ke7 66. Rg7+ Ke8 67. Kg6 1-0

[Event "Bydgoszcz blind op 43rd"]
[Site "Bydgoszcz"]
[Date "2014.03.13"]
[Round "1.3"]
[White "Stachanczyk, Jacek"]
[Black "Barnowski, Sylwester"]
[Result "1-0"]
[WhiteElo "2211"]
[BlackElo "1847"]
[PlyCount "97"]
[EventDate "2014.03.13"]
[EventType "swiss"]
[EventRounds "11"]
[EventCountry "POL"]
[SourceTitle "EXT 2023"]
[Source "ChessBase"]
[SourceDate "2022.10.05"]
[SourceVersion "1"]
[SourceVersionDate "2022.10.05"]
[SourceQuality "1"]

1. e4 e6 2. d4 d5 3. Nc3 dxe4 4. Nxe4 Nd7 5. Nf3 Ngf6 6. Nxf6+ Nxf6 7. c3 c5 8. Ne5 Bd7 9. Bg5 cxd4 10. Qf3 h6 11. Nxd7 Qxd7 12. Bxf6 gxf6 13. 0-0-0 f5 14. Ba6 Rb8 15. Qf4 Bd6 16. Qxd4 Ke7 17. Bd3 a6 18. Bxf5 Qc7 19. Bxe6 Kxe6 20. Qd5+ Kd7 21. Qxf7+ Kc6 22. Qd5+ Kd7 23. Rd4 Rbf8 24. Rhd1 Rf6 25. Qe5 Rhf8 26. Rxd6+ Rxd6 27. Qg7+ Kc6 28. Qxf8 Rxd1+ 29. Kxd1 Qxh2 30. Qf3+ Kb6 31. Qe3+ Kc6 32. g3 Qh1+ 33. Kc2 Qh3 34. a4 Qf5+ 35. Kc1 h5 36. f4 Qd5 37. Kc2 Qg2+ 38. Kb3 Qd5+ 39. c4 Qd1+ 40. Kc3 Kc7 41. a5 Qg4 42. Qe5+ Kc8 43. f5 h4 44. gxh4 Qxh4 45. f6 Qh3+ 46. Kb4 Qg2 47. f7 Qd2+ 48. Ka3 Qd3+ 49. b3 1-0

[Event "Krynica-ch sf blind"]
[Site "Krynica"]
[Date "2013.03.14"]
[Round "6.2"]
[White "Barnowski, Sylwester"]
[Black "Wojcieszyn, Zdzislaw"]
[Result "1/2-1/2"]
[WhiteElo "1884"]
[BlackElo "1981"]
[PlyCount "81"]
[EventDate "2013.03.14"]
[EventType "swiss"]
[EventRounds "9"]
[EventCountry "POL"]
[SourceTitle "EXT 2023"]
[Source "ChessBase"]
[SourceDate "2022.10.05"]
[SourceVersion "1"]
[SourceVersionDate "2022.10.05"]
[SourceQuality "1"]

1. d4 d5 2. c4 c6 3. Nc3 Nf6 4. Bg5 e6 5. e3 Nbd7 6. Nf3 Bb4 7. Bxf6 Nxf6 8. Qc2 Qa5 9. Nd2 0-0 10. Bd3 dxc4 11. Nxc4 Qh5 12. Be2 Qg6 13. Qxg6 hxg6 14. a3 Be7 15. h4 c5 16. dxc5 Bxc5 17. Bf3 Rb8 18. Ne4 Nxe4 19. Bxe4 Rd8 20. 0-0 Bd7 21. Na5 b6 22. Nb7 Rbc8 23. Nxc5 Rxc5 24. g3 Kf8 25. Rac1 Rdc8 26. Rxc5 Rxc5 27. Rd1 Ke7 28. f4 f5 29. Bb1 Ba4 30. Re1 Bb3 31. Kf2 Rd5 32. e4 Rd2+ 33. Re2 Rxe2+ 34. Kxe2 Kd6 35. h5 gxh5 36. exf5 e5 37. Ke3 Ba4 38. Bd3 Bd7 39. Ke4 Bc6+ 40. Ke3 Bd7 41. Ke4 1/2-1/2

[Event "Rowy op 09"]
[Site "Rowy"]
[Date "2012.09.??"]
[Round "6"]
[White "Barnowski, Sylwester"]
[Black "Budnik, Kazimierz"]
[Result "1-0"]
[WhiteElo "1831"]
[BlackElo "1423"]
[PlyCount "93"]
[EventDate "2012.09.??"]
[EventType "swiss"]
[EventRounds "9"]
[EventCountry "POL"]
[SourceTitle "EXT 2014"]
[Source "ChessBase"]
[SourceDate "2013.11.20"]
[SourceVersion "1"]
[SourceVersionDate "2013.11.20"]
[SourceQuality "1"]

1. d4 d5 2. c4 Nf6 3. Nc3 c6 4. Bg5 h6 5. Bxf6 exf6 6. cxd5 cxd5 7. e3 Bb4 8. Qb3 Bxc3+ 9. Qxc3 0-0 10. Bd3 Nc6 11. Ne2 Ne7 12. 0-0 a6 13. Qd2 b5 14. Nf4 Qd6 15. Be2 Ng6 16. Nxg6 fxg6 17. Rfc1 f5 18. g3 h5 19. Rc5 Be6 20. Rac1 Rac8 21. Qb4 Qe7 22. Bf3 Rcd8 23. Qa5 h4 24. Qc7 Rd7 25. Qe5 hxg3 26. hxg3 Qf7 27. Rc8 Rxc8 28. Rxc8+ Kh7 29. g4 g5 30. gxf5 Qxf5 31. Qh2+ Kg6 32. Qh5+ Kf6 33. Rf8+ Rf7 34. Rxf7+ Bxf7 35. Qg4 Qb1+ 36. Kg2 Qxb2 37. Qd7 Qxa2 38. Qd6+ Kf5 39. e4+ dxe4 40. Qe5+ Kg6 41. Bxe4+ Kh6 42. Qh2+ Bh5 43. Qd6+ g6 44. Bd5 Bf3+ 45. Kxf3 Qd2 46. Qf8+ Kh7 47. Qg8+ 1-0

[Event "Rowy op 09"]
[Site "Rowy"]
[Date "2012.09.??"]
[Round "8"]
[White "Barnowski, Sylwester"]
[Black "Krawczyk, Zbigniew"]
[Result "1/2-1/2"]
[WhiteElo "1831"]
[BlackElo "1702"]
[PlyCount "74"]
[EventDate "2012.09.??"]
[EventType "swiss"]
[EventRounds "9"]
[EventCountry "POL"]
[SourceTitle "EXT 2014"]
[Source "ChessBase"]
[SourceDate "2013.11.20"]
[SourceVersion "1"]
[SourceVersionDate "2013.11.20"]
[SourceQuality "1"]

1. d4 Nf6 2. Nf3 d5 3. Bg5 e6 4. e3 Be7 5. c4 0-0 6. Nc3 c6 7. Rc1 h6 8. Bh4 b6 9. Bd3 Nbd7 10. 0-0 Bb7 11. cxd5 cxd5 12. Qe2 Ne4 13. Bxe7 Qxe7 14. Rc2 Nxc3 15. Rxc3 Rfc8 16. Rfc1 Rxc3 17. Rxc3 Rc8 18. Qc2 Rxc3 19. Qxc3 Qf8 20. h3 Qc8 21. Qa3 a6 22. b3 Qf8 23. Qa4 b5 24. Qa5 Qc8 25. Kh2 Qb8+ 26. g3 Qc8 27. a4 bxa4 28. Qxa4 g6 29. Qa5 Kg7 30. Ne1 Nb8 31. Nc2 Nc6 32. Qb6 Kg8 33. h4 h5 34. Nb4 Nxb4 35. Qxb4 Qc7 36. Qa4 Qc8 37. Qa5 Kg7 1/2-1/2

[Event "Rowy op 09"]
[Site "Rowy"]
[Date "2012.09.??"]
[Round "1"]
[White "Barnowski, Sylwester"]
[Black "Krupecka Czarkowska, Danuta"]
[Result "1-0"]
[WhiteElo "1831"]
[BlackElo "1364"]
[PlyCount "47"]
[EventDate "2012.09.??"]
[EventType "swiss"]
[EventRounds "9"]
[EventCountry "POL"]
[SourceTitle "EXT 2014"]
[Source "ChessBase"]
[SourceDate "2013.11.20"]
[SourceVersion "1"]
[SourceVersionDate "2013.11.20"]
[SourceQuality "1"]

1. e4 e6 2. d4 d6 3. c4 c6 4. Nc3 Nd7 5. Nf3 Ngf6 6. Bg5 Be7 7. Bd3 b6 8. 0-0 Ba6 9. Re1 c5 10. d5 0-0 11. b3 e5 12. Nd2 Rb8 13. Re3 h6 14. Bxf6 Nxf6 15. Nf1 Nh7 16. Ng3 Bg5 17. Re1 Bf4 18. a4 Bc8 19. Nf5 g6 20. Ne3 Qh4 21. g3 Qg5 22. h4 Qh5 23. Qxh5 gxh5 24. gxf4 1-0

[Event "Rowy op 09"]
[Site "Rowy"]
[Date "2012.09.??"]
[Round "9"]
[White "Ostrowski, Michal"]
[Black "Barnowski, Sylwester"]
[Result "0-1"]
[WhiteElo "1418"]
[BlackElo "1831"]
[PlyCount "72"]
[EventDate "2012.09.??"]
[EventType "swiss"]
[EventRounds "9"]
[EventCountry "POL"]
[SourceTitle "EXT 2014"]
[Source "ChessBase"]
[SourceDate "2013.11.20"]
[SourceVersion "1"]
[SourceVersionDate "2013.11.20"]
[SourceQuality "1"]

1. Nc3 d5 2. e4 c6 3. d4 e6 4. e5 c5 5. Bb5+ Bd7 6. Be3 Bxb5 7. Nxb5 Qa5+ 8. Nc3 cxd4 9. Bxd4 Nc6 10. Nf3 Bb4 11. 0-0 Nxd4 12. Qxd4 Bxc3 13. bxc3 Ne7 14. Qb4 Qc7 15. Rab1 b6 16. Qa4+ Qc6 17. Qb4 Qd7 18. Qb5 Qxb5 19. Rxb5 Rc8 20. Rb3 0-0 21. Nd4 Nc6 22. Nf3 Rc7 23. Re1 Rfc8 24. Nd4 Nxd4 25. cxd4 Rxc2 26. a4 g6 27. h4 Rc1 28. Kf1 Rxe1+ 29. Kxe1 Rc4 30. a5 bxa5 31. Ra3 a4 32. Rd3 Rb4 33. g4 Rb3 34. Rxb3 axb3 35. Kd2 a5 36. Kc3 a4 0-1

[Event "Rowy op 08"]
[Site "Rowy"]
[Date "2012.08.25"]
[Round "9"]
[White "Jaworski, Andrzej"]
[Black "Barnowski, Sylwester"]
[Result "1/2-1/2"]
[WhiteElo "2004"]
[BlackElo "1831"]
[PlyCount "117"]
[EventDate "2012.08.18"]
[EventType "swiss"]
[EventRounds "9"]
[EventCountry "POL"]
[SourceTitle "EXT 2014"]
[Source "ChessBase"]
[SourceDate "2013.11.20"]
[SourceVersion "1"]
[SourceVersionDate "2013.11.20"]
[SourceQuality "1"]

1. c4 e6 2. e4 d5 3. cxd5 exd5 4. e5 Nc6 5. d4 g6 6. Nf3 Nge7 7. Bg5 Bg7 8. Nc3 h6 9. Be3 Bg4 10. h3 Bxf3 11. Qxf3 Qd7 12. Rc1 a6 13. a3 Nd8 14. b4 Ne6 15. Bd3 0-0 16. Qg4 f5 17. exf6 Rxf6 18. Ne2 Raf8 19. 0-0 Qd6 20. h4 h5 21. Qh3 Nf5 22. g4 Ne7 23. gxh5 gxh5 24. Qg3 Qxg3+ 25. fxg3 Rf3 26. Rxf3 Rxf3 27. Nf4 Rxe3 28. Nxe6 Rxe6 29. Rxc7 Bxd4+ 30. Kg2 Re3 31. Rxb7 Rxd3 32. Rxe7 Rxa3 33. Rd7 Rb3 34. Rxd5 Rxb4 35. Rxh5 Rb5 36. Rh6 Rb6 37. Rh5 Bc3 38. Rc5 Bb4 39. g4 a5 40. Rc7 a4 41. g5 Bd6 42. Ra7 a3 43. Kf3 Bc5 44. Ra5 Bb4 45. Ra8+ Kg7 46. h5 Rb5 47. Ra7+ Kg8 48. Ra8+ Kg7 49. h6+ Kg6 50. Rg8+ Kh5 51. h7 Bc3 52. h8Q+ Bxh8 53. Rxh8+ Kxg5 54. Ra8 Rb3+ 55. Ke4 Kf6 56. Kd4 Ke6 57. Kc4 Rh3 58. Kb4 Kd6 59. Rxa3 1/2-1/2

[Event "Rowy op 08"]
[Site "Rowy"]
[Date "2012.08.22"]
[Round "5"]
[White "Wielecki, Zygmunt"]
[Black "Barnowski, Sylwester"]
[Result "1-0"]
[WhiteElo "2282"]
[BlackElo "1831"]
[PlyCount "53"]
[EventDate "2012.08.18"]
[EventType "swiss"]
[EventRounds "9"]
[EventCountry "POL"]
[SourceTitle "EXT 2014"]
[Source "ChessBase"]
[SourceDate "2013.11.20"]
[SourceVersion "1"]
[SourceVersionDate "2013.11.20"]
[SourceQuality "1"]

1. e4 d6 2. d4 g6 3. c4 Bg7 4. Nc3 Nd7 5. Nf3 c5 6. Be3 a6 7. Be2 e5 8. dxc5 dxc5 9. Qd2 Ngf6 10. Rd1 Qc7 11. Bh6 Bxh6 12. Qxh6 b6 13. Qg7 Rg8 14. Rxd7 Bxd7 15. Qxf6 Be6 16. Nxe5 Qe7 17. Nd5 Bxd5 18. Qxe7+ Kxe7 19. cxd5 f6 20. Nc6+ Kd6 21. f4 g5 22. e5+ fxe5 23. fxe5+ Kc7 24. Ne7 Rg7 25. d6+ Kd8 26. 0-0 g4 27. Rf8+ 1-0

[Event "Krynica Cross-ch sf"]
[Site "Krynica"]
[Date "2012.03.??"]
[Round "8"]
[White "Barnowski, Sylwester"]
[Black "Niecko, Stanislaw"]
[Result "1-0"]
[WhiteElo "1843"]
[BlackElo "1834"]
[PlyCount "79"]
[EventDate "2012.03.??"]
[EventType "swiss"]
[EventRounds "9"]
[EventCountry "POL"]
[SourceTitle "EXT 2014"]
[Source "ChessBase"]
[SourceDate "2013.11.20"]
[SourceVersion "1"]
[SourceVersionDate "2013.11.20"]
[SourceQuality "1"]

1. d4 Nf6 2. Bg5 e6 3. e4 Be7 4. e5 Nd5 5. Bxe7 Qxe7 6. Qd2 d6 7. Nc3 Nxc3 8. Qxc3 Nc6 9. f4 dxe5 10. dxe5 Qb4 11. Ne2 Bd7 12. 0-0-0 Qxc3 13. Nxc3 0-0-0 14. Be2 Ne7 15. Bf3 Bc6 16. Ne4 h6 17. Rhe1 Rxd1+ 18. Rxd1 Nd5 19. g3 Ne3 20. Re1 Nf5 21. c3 Rd8 22. Bg4 Ne7 23. Nf2 b6 24. Bh5 g6 25. Be2 Kb7 26. Ng4 h5 27. Ne3 Nd5 28. Nc2 a5 29. Nd4 Be8 30. Bf3 c5 31. Nc2 Bc6 32. Be2 Ne7 33. Na3 Nf5 34. Nc4 Kc7 35. Bf1 Bb5 36. Kc2 Rd7 37. b3 Rd8 38. Re2 Ne7 39. Re1 Nf5 40. Nb2 1-0

[Event "Krynica Cross-ch sf"]
[Site "Krynica"]
[Date "2012.03.??"]
[Round "6"]
[White "Barnowski, Sylwester"]
[Black "Sajdych, Wlodzimierz"]
[Result "1/2-1/2"]
[WhiteElo "1843"]
[BlackElo "1980"]
[PlyCount "51"]
[EventDate "2012.03.??"]
[EventType "swiss"]
[EventRounds "9"]
[EventCountry "POL"]
[SourceTitle "EXT 2014"]
[Source "ChessBase"]
[SourceDate "2013.11.20"]
[SourceVersion "1"]
[SourceVersionDate "2013.11.20"]
[SourceQuality "1"]

1. f4 f5 2. Nf3 Nf6 3. e3 e6 4. b3 b6 5. Bb2 Bb7 6. Nc3 Be7 7. h3 d6 8. Bc4 d5 9. Bb5+ c6 10. Be2 Nbd7 11. Ng5 Nf8 12. Bh5+ g6 13. Be2 h6 14. Nf3 Rh7 15. d3 Qc7 16. Qd2 0-0-0 17. 0-0-0 N8d7 18. g4 Bd6 19. gxf5 exf5 20. Rhg1 Re8 21. Kb1 Rhe7 22. Bc1 a6 23. Rde1 d4 24. exd4 Bxf4 25. Qxf4 Qxf4 26. Bxf4 1/2-1/2

[Event "POL-ch sf blind"]
[Site "Zawoja Osrodek"]
[Date "2011.??.??"]
[Round "3"]
[White "Barnowski, Sylwester"]
[Black "Staruch, Roman"]
[Result "0-1"]
[WhiteElo "1843"]
[BlackElo "1950"]
[PlyCount "88"]
[EventDate "2011.??.??"]
[EventType "swiss"]
[EventRounds "9"]
[EventCountry "POL"]
[SourceTitle "EXT 2013"]
[Source "ChessBase"]
[SourceDate "2012.11.22"]
[SourceVersion "1"]
[SourceVersionDate "2012.11.22"]
[SourceQuality "1"]

1. d4 d5 2. c4 e6 3. Nc3 Nf6 4. Bg5 Be7 5. e3 0-0 6. Nf3 h6 7. Bh4 Ne4 8. Bxe7 Qxe7 9. Qc2 Nxc3 10. bxc3 c5 11. cxd5 exd5 12. Be2 Nc6 13. 0-0 Bg4 14. Rfb1 b6 15. Qb3 Rfd8 16. Qb5 Rac8 17. dxc5 bxc5 18. Rd1 Rc7 19. Rd2 Be6 20. Qa4 Rb8 21. Rad1 Rb6 22. Bb5 Qf6 23. Bxc6 Rbxc6 24. Rc1 g5 25. Qd1 Rb6 26. Ne1 Rcb7 27. Qf3 Qxf3 28. Nxf3 Rb2 29. Rxb2 Rxb2 30. h3 Rxa2 31. Ne5 a5 32. Nd3 c4 33. Ne1 Kf8 34. Nc2 Ke7 35. Kh2 Kd6 36. Kg3 h5 37. h4 g4 38. Kf4 a4 39. Kg5 Ke5 40. Kxh5 Rb2 41. f3 g3 42. f4+ Kf6 43. Ne1 Rb8 44. f5 Bxf5 0-1

[Event "POL-ch sf blind"]
[Site "Zawoja Osrodek"]
[Date "2011.??.??"]
[Round "2"]
[White "Falkowski, Dawid"]
[Black "Barnowski, Sylwester"]
[Result "1-0"]
[WhiteElo "2069"]
[BlackElo "1843"]
[PlyCount "45"]
[EventDate "2011.??.??"]
[EventType "swiss"]
[EventRounds "9"]
[EventCountry "POL"]
[SourceTitle "EXT 2013"]
[Source "ChessBase"]
[SourceDate "2012.11.22"]
[SourceVersion "1"]
[SourceVersionDate "2012.11.22"]
[SourceQuality "1"]

1. e4 e6 2. Nc3 d5 3. Nf3 Nf6 4. e5 Nfd7 5. d4 c5 6. dxc5 Bxc5 7. Bd3 Nc6 8. Bf4 a6 9. 0-0 Qc7 10. Re1 Bb4 11. Qe2 Bxc3 12. bxc3 Na5 13. Ng5 Nf8 14. Qh5 Qe7 15. c4 Nxc4 16. Bxc4 dxc4 17. Ne4 Ng6 18. Nd6+ Kf8 19. Be3 Qc7 20. Rad1 b5 21. Nxf7 Bd7 22. Nxh8 Nxh8 23. Qf3+ 1-0